Resistance Through Rituals / Youth Subcultures in Post-War Britain (Record no. 2404)
[ view plain ]
| 000 -LEADER | |
|---|---|
| fixed length control field | 01328cam a22002174a 4500 |
| 005 - ΗΜΕΡΟΜΗΝΙΑ ΚΑΙ ΩΡΑ ΤΕΛΕΥΤΑΙΑΣ ΕΝΗΜΕΡΩΣΗΣ | |
| Πεδίο ελέγχου | 20250605164040.0 |
| 008 - FIXED-LENGTH DATA ELEMENTS--GENERAL INFORMATION | |
| Πεδίο ελέγχου σταθερού μήκους | 250528s ||||||||||||||||||||||||d |
| 035 ## - SYSTEM CONTROL NUMBER | |
| System control number | 16961 |
| 020 ## - ISBN | |
| ISBN | 415099161 |
| 040 ## - ΠΗΓΗ ΚΑΤΑΛΟΓΟΓΡΑΦΗΣΗΣ | |
| Φορέας πρωτότυπης καταλογογράφησης | MC Athens Campus Library |
| Γλώσσα καταλογογράφησης | Ελληνικά, Μοντέρνα (1453-) |
| Modifying agency | MC Athens Campus Library |
| Κανόνες περιγραφικής καταλογογράφησης | AACR2 |
| 245 1# - ΤΙΤΛΟΣ ΚΑΙ ΔΗΛΩΣΗ ΥΠΕΥΘΥΝΟΤΗΤΑΣ | |
| Τίτλος | Resistance Through Rituals / Youth Subcultures in Post-War Britain |
| 250 ## - EDITION STATEMENT | |
| Edition statement | 1st |
| 260 ## - PUBLICATION, DISTRIBUTION, ETC. | |
| Name of publisher, distributor, etc. | Rouledge, |
| Date of publication, distribution, etc. | 1993 |
| 300 ## - PHYSICAL DESCRIPTION | |
| Extent | 288 |
| 520 ## - SUMMARY, ETC. | |
| Summary, etc. | An authoritative perspective of society's subcultures amongst the youth since the war. Introduction, Theory I, Subcultures and Cultures and Class, Some Notes on the Relationship Between the Societal Control Culture and the News Media, Ethnography, Cultural Responses of the Teds, The Meaning of Mod, The Skinheads and the Magical Recovery of Community, Doing Nothing, The Cultural Meaning of Drug Use, Ethnography Through the Looking-Glass, Communes, Reggae and Rastas and Rudies, A Strategy for Living, Theory II, Style, Consciousness of Class and Consciousness of Generation, Girls and Subcultures, A Note on Marginality, The Politics of Youth Culture, Method, Naturalistic Research into Subcultures and Deviance, The Logic of Enquiry of Participant Observation, References, Index. |
| 700 1# - ΠΡΟΣΘΕΤΗ ΑΝΑΓΡΑΦΗ--ΦΥΣΙΚΟ ΠΡΟΣΩΠΟ | |
| Personal name | Jefferson Tony |
| 9 (RLIN) | 3061 |
| 700 1# - ΠΡΟΣΘΕΤΗ ΑΝΑΓΡΑΦΗ--ΦΥΣΙΚΟ ΠΡΟΣΩΠΟ | |
| Personal name | Stuart Hall |
| 9 (RLIN) | 3062 |
| 942 ## - ADDED ENTRY ELEMENTS (KOHA) | |
| Koha item type | Books |
| Τύπος τεκμηρίου | Βιβλιοθήκη | Τρέχουσα τοποθεσία | Barcode | Αριθμός εισαγωγής | Ημερομηνία απόκτησης | Ταξιθετικό σύμβολο | Αριθμός αντιτύπου | Κατάσταση απόσυρσης | Κατάσταση χαμένου | Κατάσταση κατεστραμμένου | Μη δανεισμός | Σύνολο δανεισμών | Ημερομηνία τελευταίας εμφάνισης | Η τιμή ισχύει από |
|---|---|---|---|---|---|---|---|---|---|---|---|---|---|---|
| Books | MC Athens Campus Library | MC Athens Campus Library | 9780000024039 | 6111 | 05/06/2025 | 305.2350941 HAL | 1 | 05/06/2025 | 05/06/2025 |